000 00541nam a22001697a 4500
999 _c27286
_d27286
003 BDDh-ASL
005 20231015030740.0
008 211031s1888 ii ||||| |||| 00| 0 u d
040 _aBDDh-ASL
_cBDDh-ASL
082 _a910
_bHUW
100 1 _95051
_aHussain, Khalifa Syed Mohammad
245 1 0 _aWaqai Seer wa Siyahat Dr. Bernier : / وقائع سير و سياحت ڈاکٹر برنئر
260 _aAmritsar :
_bRiazmand Press ,
_c1888.
300 _a834 p. :
_c23 cm.
650 0 _93535
_aTravels
_xTravelogue
942 _2ddc
_cBK